000 00389cam a2200157ua 4500
041 _aeng
_h
082 _a510
_bDUR/GE
100 _aDurell, Clement V.
245 _aGeneral mathematics, Vol 4 /
_cClement V Durell.
_hTextual Documents
250 _a1 /
_b.
260 _aMumbai :
_bOrient-Longman Ltd ,
_c1963.
300 _a332 ; .
504 _a
942 _cBK
999 _c9893
_d9893